To The Honourable the knights, citizens and burgesses in Parliament assembled. The humble petition of the cordwainers inhabiting the cities of London and Westminster, and parts adjacent, in behalf of themselves and others of their trade in the rest of the kingdom.

Bibliographic Details
Corporate Author: Gale (Firm)
Format: eBook
Language:English
Published: [London] : [publisher not identified], [1714?]
Subjects:
Online Access:Connect to the full text of this electronic book

MARC

Tag First Indicator Second Indicator Subfields
LEADER 00000cam a2200000 4500
001 in00003818213
005 20190415185841.0
006 m o d
007 cr |n||||||||n
008 890628s1714 enk|||| o 00| ||eng c
035 |a (CU-RivES)T193178 
035 |a (Uk-ES)006287828 
035 |a (OCoLC)509536623 
040 |a Uk-ES  |c Uk-ES  |d CU-RivES  |d CStRLIN  |d CU-RivES  |d Cengage Gale  |d UtOrBLW 
245 0 0 |a To The Honourable the knights, citizens and burgesses in Parliament assembled. The humble petition of the cordwainers inhabiting the cities of London and Westminster, and parts adjacent, in behalf of themselves and others of their trade in the rest of the kingdom. 
264 1 |a [London] :  |b [publisher not identified],  |c [1714?] 
300 |a 1 online resource (1 sheet)  
336 |a text  |b txt  |2 rdacontent 
337 |a computer  |b c  |2 rdamedia 
338 |a online resource  |b cr  |2 rdacarrier 
500 |a Docket title: 'The humble petition of the cordwainers, andc.'. 
500 |a Against the drawback on exported leather. 
509 |a Date from Hanson 
510 4 |a Hanson,  |c 1971 
510 4 |a English Short Title Catalog,  |c T193178. 
500 |a Reproduction of original from Bodleian Library (Oxford). 
500 |a Electronic resource. 
610 1 0 |a England and Wales.  |b Army.  |0 http://id.loc.gov/authorities/names/n82081582 
655 7 |a Electronic books.  |2 local 
710 2 |a Gale (Firm)  |0 http://id.loc.gov/authorities/names/no2008071348 
752 |a Great Britain  |b England  |d London. 
856 4 0 |u http://proxy.library.tamu.edu/login?url=http://find.galegroup.com/ecco/infomark.do?contentSet=ECCOArticles&docType=ECCOArticles&bookId=1306300600&type=getFullCitation&tabID=T001&prodId=ECCO&docLevel=TEXT_GRAPHICS&version=1.0&source=library&userGroupName=txshracd2898  |z Connect to the full text of this electronic book  |t 0 
999 f f |s 9ee0398c-abbe-352c-86cb-faee37cd966e  |i a7cb509d-21ce-3ed8-a828-efaa270f471d  |t 0 
952 f f |a Texas A&M University  |b College Station  |c Electronic Resources  |d Available Online  |t 0  |h No information provided 
998 f f |t 0  |l Available Online